LIBRARY & INFORMATION CENTRE, KCAET, TAVANUR

ONLINE PUBLIC ACCESS CATALOGUE (OPAC)

Pre degree chemistry / (Record no. 7092)

MARC details
000 -LEADER
fixed length control field 00440cam a2200181ua 4500
041 ## - LANGUAGE CODE
Language code of text/sound track or separate title eng
082 ## - DEWEY DECIMAL CLASSIFICATION NUMBER
Classification number 540
Item number KUN/PR
100 ## - MAIN ENTRY--AUTHOR NAME
Personal name Kunjikrishnan Nair, M .
245 ## - TITLE STATEMENT
Title Pre degree chemistry /
250 ## - EDITION STATEMENT
Edition statement 2 /
260 ## - PUBLICATION, DISTRIBUTION, ETC. (IMPRINT)
Place of publication :
Name of publisher Meera Publication Works ,
Year of publication 1966.
300 ## - PHYSICAL DESCRIPTION
Number of Pages 736 ; .
942 ## - ADDED ENTRY ELEMENTS (KOHA)
Koha item type Books
Holdings
Withdrawn status Lost status Damaged status Home library Current library Date acquired Full call number Accession Number Koha item type
Withdrawn     KAUAET KAUAET 07/04/2012 540 KUN/PR 8526 Books
free website counter